Normal view MARC view
  • Northampton University

Entry Corporate Name

Number of records used in: 1

001 - CONTROL NUMBER

  • control field: 5353

003 - CONTROL NUMBER IDENTIFIER

  • control field: SIRSI

005 - DATE AND TIME OF LATEST TRANSACTION

  • control field: 20190806150242.0

008 - FIXED-LENGTH DATA ELEMENTS

  • fixed length control field: 070919n| acannaabn |n ana d

040 ## - CATALOGING SOURCE

  • Original cataloging agency: OSt
  • Transcribing agency: OSt

110 2# - HEADING--CORPORATE NAME

  • Corporate name or jurisdiction name as entry element: Northampton University

670 ## - SOURCE DATA FOUND

  • Source citation: A review of fiscal measures to benefit heritage conservation, 2007